[Event "15th LCC Super Rapid 2025"]
[Site "London ENG"]
[Date "2025.12.07"]
[Round "6.21"]
[White "Murawski, Jan"]
[Black "Bulmaga, Irina"]
[Result "0-1"]
[WhiteTitle "CM"]
[BlackTitle "IM"]
[WhiteElo "2225"]
[BlackElo "2386"]
[WhiteFideId "21009287"]
[BlackFideId "13903063"]
[EventDate "2025.12.06"]

1. d4 Nf6 2. c4 e6 3. Nf3 d5 4. Nc3 Be7 5. Bg5 h6 6. Bh4 O-O 7. e3 b6 8. cxd5
Nxd5 9. Bxe7 Qxe7 10. Nxd5 exd5 11. Bd3 c5 12. b3 Nc6 13. O-O Bg4 14. h3 Be6 15.
Rc1 Rac8 16. dxc5 bxc5 17. Qd2 Rfd8 18. Bb5 Nb8 19. Rfd1 Qc7 20. Qc3 Qb6 21. Be2
Nd7 22. Rc2 a5 23. a4 Nf6 24. Bb5 Ne4 25. Qb2 Nd6 26. Be2 Rb8 27. Rdc1 Ne4 28.
Bb5 Rbc8 29. Qa3 Rc7 30. Nd4 cxd4 31. Rxc7 dxe3 32. fxe3 Qxe3+ 33. Kh1 Bxh3 34.
Qb2 Nf2+ 35. Kh2 Ng4+ 36. Kh1 Qg3 37. gxh3 Nf2+ 38. Qxf2 Qxf2 39. Rf1 Qg3 40.
Rfxf7 Qxh3+ 41. Kg1 Qg3+ 42. Kf1 Rf8 43. Rxf8+ Kxf8 44. Rd7 Qxb3 45. Ke2 h5 46.
Rd8+ Ke7 47. Re8+ Kf6 48. Rh8 Kg5 49. Rg8 Qb2+ 50. Kd3 h4 51. Rh8 g6 52. Re8 h3
53. Re1 Qb3+ 54. Kd2 Qb4+ 55. Ke2 Qxe1+ 56. Kxe1 h2 0-1

[Event "15th LCC Super Rapid 2025"]
[Site "London ENG"]
[Date "2025.12.07"]
[Round "6.22"]
[White "Manmay Chopra"]
[Black "Jankovic, Alojzije"]
[Result "1/2-1/2"]
[WhiteTitle "CM"]
[BlackTitle "GM"]
[WhiteElo "2142"]
[BlackElo "2558"]
[WhiteFideId "25649191"]
[BlackFideId "14505959"]
[EventDate "2025.12.06"]

1. Nf3 d6 2. d4 Nf6 3. g3 c6 4. b3 g6 5. Bb2 Bg7 6. Bg2 O-O 7. O-O Bg4 8. h3
Bxf3 9. exf3 e5 10. dxe5 Nfd7 11. Qxd6 Nxe5 12. Bxe5 Qxd6 13. Bxd6 Bxa1 14. Bxf8
Kxf8 15. c3 Na6 16. Rd1 Nc5 17. f4 a5 18. Kf1 Re8 19. Bf3 h5 20. h4 f5 21. Rd6
Kf7 22. Rd1 Kf6 23. Rd6+ Kf7 24. Rd1 Kf6 25. Rd6+ 1/2-1/2

[Event "15th LCC Super Rapid 2025"]
[Site "London ENG"]
[Date "2025.12.07"]
[Round "6.23"]
[White "Rozen, Eytan"]
[Black "Josse, Mark"]
[Result "1-0"]
[WhiteTitle "IM"]
[BlackTitle "CM"]
[WhiteElo "2515"]
[BlackElo "2107"]
[WhiteFideId "2816750"]
[BlackFideId "414476"]
[EventDate "2025.12.06"]

1. e4 c5 2. Nf3 e6 3. c3 d5 4. e5 Nc6 5. d4 Bd7 6. Be2 Nge7 7. Na3 cxd4 8. cxd4
Nf5 9. Nc2 Qb6 10. O-O Rc8 11. Bd3 Be7 12. g4 Nh6 13. h3 Na5 14. b4 Nc4 15. a4
a6 16. Ra2 Ng8 17. Qe2 Bxb4 18. Nxb4 Qxb4 19. Bg5 h6 20. Rb1 Qa5 21. Bh4 Qc7 22.
Kg2 Ne7 23. g5 hxg5 24. Bxg5 b5 25. axb5 axb5 26. Rba1 Nc6 27. Ra8 Qb7 28. Rxc8+
Qxc8 29. Be3 Qb7 30. Kh2 N6a5 31. Rg1 g6 32. Ng5 b4 33. Nxf7 Rf8 34. Bxg6 Rxf7
35. Bxf7+ Kxf7 36. Qh5+ Kf8 37. Bh6+ Ke7 38. Qg5+ Ke8 39. Qg8+ 1-0

[Event "15th LCC Super Rapid 2025"]
[Site "London ENG"]
[Date "2025.12.07"]
[Round "6.24"]
[White "Aizenberg, Benny"]
[Black "Sammed Jaykumar, Shete"]
[Result "0-1"]
[WhiteTitle "IM"]
[BlackTitle "IM"]
[WhiteElo "2444"]
[BlackElo "2377"]
[WhiteFideId "2821125"]
[BlackFideId "5073421"]
[EventDate "2025.12.06"]

1. e4 c5 2. Nf3 d6 3. d4 cxd4 4. Nxd4 Nf6 5. Nc3 Nc6 6. Bg5 e6 7. Qd2 a6 8.
O-O-O Be7 9. h4 Bd7 10. f3 b5 11. Nxc6 Bxc6 12. Kb1 O-O 13. g4 b4 14. Ne2 d5 15.
Nd4 Bb7 16. e5 Nd7 17. f4 a5 18. Bd3 Re8 19. Bxe7 Rxe7 20. h5 Qb6 21. Qf2 Ba6
22. g5 Bxd3 23. cxd3 Rc8 24. g6 fxg6 25. hxg6 hxg6 26. Qh4 Kf7 27. Nf3 Nf8 28.
Ng5+ Ke8 29. Nh7 b3 30. a3 Rc2 31. d4 Qc6 32. Ka1 Rxb2 33. Rc1 Rc2 34. Kb1 Qc3 0-1

[Event "15th LCC Super Rapid 2025"]
[Site "London ENG"]
[Date "2025.12.07"]
[Round "6.25"]
[White "Hanache, Kai"]
[Black "Emms, John M"]
[Result "1-0"]
[BlackTitle "GM"]
[WhiteElo "2122"]
[BlackElo "2412"]
[WhiteFideId "490105"]
[BlackFideId "400254"]
[EventDate "2025.12.06"]

1. e4 e5 2. Nf3 Nc6 3. Bc4 Bc5 4. c3 d6 5. d4 exd4 6. cxd4 Bb6 7. Nc3 Nf6 8. d5
Ne5 9. Nxe5 dxe5 10. Bg5 O-O 11. Qe2 h6 12. Bh4 Qd6 13. O-O-O a6 14. h3 Ba5 15.
g4 b5 16. Bb3 Nd7 17. g5 Nc5 18. Rhg1 Bxc3 19. bxc3 hxg5 20. Bxg5 f5 21. f4 fxe4
22. fxe5 Qxe5 23. Rd4 Rf3 24. Bh6 Rg3 25. Rxg3 Qxg3 26. Be3 Bxh3 27. Bc2 Bg4 28.
Qd2 Re8 29. d6 cxd6 30. Rxd6 Nd3+ 31. Bxd3 exd3 32. Rxd3 Bf5 33. Rd8 Rxd8 34.
Qxd8+ Kh7 35. Qd2 Qh3 36. Kb2 a5 37. Bd4 Be4 38. a4 bxa4 39. Qg5 Qd7 40. Qh4+
Kg8 41. Qxe4 Qb5+ 42. Ka1 Qf1+ 43. Qb1 Qe2 44. Qa2+ Qxa2+ 45. Kxa2 1-0

[Event "15th LCC Super Rapid 2025"]
[Site "London ENG"]
[Date "2025.12.07"]
[Round "6.26"]
[White "Badacsonyi, Stanley"]
[Black "Richardson, John R"]
[Result "1/2-1/2"]
[WhiteTitle "FM"]
[BlackTitle "FM"]
[WhiteElo "2316"]
[BlackElo "2224"]
[WhiteFideId "486973"]
[BlackFideId "401617"]
[EventDate "2025.12.06"]

1. d4 Nf6 2. c4 e6 3. Nc3 Bb4 4. e3 O-O 5. Bd2 d5 6. Nf3 b6 7. cxd5 exd5 8. Rc1
Bb7 9. Bd3 Re8 10. O-O Bf8 11. Ne5 Nbd7 12. f4 Ne4 13. Nxe4 dxe4 14. Bc4 Nxe5
15. fxe5 Bd5 16. Qb3 c6 17. Bxd5 cxd5 18. Rc6 Qd7 19. Rfc1 Rec8 20. Rxc8 Rxc8
21. Rxc8 Qxc8 22. Qxd5 Qc2 23. Bc3 Qd1+ 24. Kf2 Qc2+ 25. Kg3 Qd3 26. Kf4 Qf1+
27. Kg3 Qd3 28. Kf2 Qc2+ 29. Ke1 Qxg2 30. e6 Qg1+ 31. Kd2 Qxh2+ 32. Kc1 Qg1+ 33.
Kc2 Qf2+ 34. Kb3 fxe6 35. Qxe4 Qf5 36. Qh4 Qd5+ 37. Kc2 Qxa2 38. Qd8 b5 39. Qe8
b4 40. Bxb4 Qc4+ 41. Bc3 Qe2+ 42. Bd2 Qc4+ 43. Bc3 Qe2+ 1/2-1/2

[Event "15th LCC Super Rapid 2025"]
[Site "London ENG"]
[Date "2025.12.07"]
[Round "6.27"]
[White "Czopor, Maciej"]
[Black "Onslow, Alfie"]
[Result "1-0"]
[WhiteTitle "IM"]
[WhiteElo "2463"]
[BlackElo "2163"]
[WhiteFideId "21805431"]
[BlackFideId "436976"]
[EventDate "2025.12.06"]

1. e4 c6 2. d4 d5 3. exd5 cxd5 4. Bd3 Nf6 5. c3 Bg4 6. Qb3 Qc7 7. h3 Bh5 8. g4
Bg6 9. Bxg6 hxg6 10. g5 Nfd7 11. Qxd5 Nc6 12. Ne2 O-O-O 13. Qxf7 e5 14. Be3 Kb8
15. d5 Ne7 16. Nd2 Nc5 17. O-O-O Nd3+ 18. Kb1 Nxd5 19. Qxc7+ Kxc7 20. Ne4 Nxe3
21. fxe3 Nc5 22. Rxd8 Kxd8 23. N2g3 Be7 24. h4 Ne6 25. Kc2 Kc7 26. Kd3 Kc6 27.
c4 b6 28. b3 a5 29. Nc3 Bb4 30. Nd5 Bd6 31. Ne4 Nc5+ 32. Nxc5 Bxc5 33. Ke4 Kd6
34. Kf3 Rf8+ 35. Kg3 Rf5 36. Rd1 Kc6 37. e4 Rf8 38. Rd3 Rf1 39. Rf3 Rg1+ 40. Kh2
Rg4 41. Rf7 Rxh4+ 42. Kg3 Rh1 43. Rc7+ Kd6 44. Rxg7 Rg1+ 45. Kf3 Rxg5 46. Ne7
Rg1 47. Nxg6 Rf1+ 48. Kg4 Rf2 49. Ne7 Rf4+ 50. Kg5 Rxe4 51. Nc8+ Kc6 52. Kf5 Re2
53. Na7+ Kd6 54. Nb5+ Kc6 55. Rc7# 1-0

[Event "15th LCC Super Rapid 2025"]
[Site "London ENG"]
[Date "2025.12.07"]
[Round "6.28"]
[White "Willmoth, Robert F"]
[Black "Tica, Sven"]
[Result "0-1"]
[WhiteTitle "CM"]
[BlackTitle "IM"]
[WhiteElo "2130"]
[BlackElo "2441"]
[WhiteFideId "402540"]
[BlackFideId "14526948"]
[EventDate "2025.12.06"]

1. Nf3 g6 2. d4 Bg7 3. Bg5 c5 4. c3 Qb6 5. Qb3 d6 6. Qxb6 axb6 7. Na3 Be6 8. e3
Nc6 9. Bb5 h6 10. Bh4 g5 11. Bg3 Nf6 12. h4 g4 13. Nd2 Kd8 14. h5 Ne8 15. f3 Nc7
16. Be2 Rg8 17. Kf2 cxd4 18. cxd4 Nxd4 19. Bc4 Nf5 20. Rab1 gxf3 21. Bf4 fxg2
22. Rhg1 Nd5 23. Rxg2 Nxf4 24. exf4 Bd4+ 25. Kf1 Ne3+ 0-1

[Event "15th LCC Super Rapid 2025"]
[Site "London ENG"]
[Date "2025.12.07"]
[Round "6.29"]
[White "Han, Qixiang"]
[Black "Kalavannan, Koby"]
[Result "0-1"]
[BlackTitle "FM"]
[WhiteElo "2104"]
[BlackElo "2275"]
[WhiteFideId "496952"]
[BlackFideId "425753"]
[EventDate "2025.12.06"]

1. d4 d6 2. Nf3 Nf6 3. c4 g6 4. g3 Bg7 5. Bg2 Bf5 6. Nc3 Ne4 7. Nh4 Nxc3 8. bxc3
Bc8 9. e4 c5 10. Nf3 Qa5 11. Bd2 Nc6 12. d5 Ne5 13. Nxe5 Bxe5 14. Qb3 O-O 15. f4
Bg7 16. O-O Rb8 17. Qb5 Qc7 18. a4 Bd7 19. Qb3 Qa5 20. h4 Bg4 21. Bf3 Bh3 22.
Bg2 Bg4 23. Bf3 Bh3 24. Rf2 h5 25. Re1 Qc7 26. Kh2 Qc8 27. e5 Bf5 28. Be4 Bxe4
29. Rxe4 Qf5 30. Rfe2 Kh7 31. Qb5 Rfd8 32. Qa5 Bf8 33. Qxa7 Qc8 34. Qb6 Ra8 35.
exd6 Rxd6 36. Qb5 Rda6 37. Be3 Ra5 38. Qb6 R8a6 39. Qb1 Rxa4 40. Bf2 Ra1 41. Qd3
Kg8 42. Qe3 R6a5 43. Re5 Rd1 44. f5 Raa1 45. Qxc5 Qd7 46. Qe3 Kh7 47. Qf3 Kg8
48. fxg6 Rh1+ 49. Qxh1 Rxh1+ 50. Kxh1 Qh3+ 51. Kg1 fxg6 52. Rg5 Qc8 53. Rxg6+
Kf7 54. Rg5 Qxc4 55. Re6 Qxc3 56. Rf5+ Ke8 57. d6 Kd7 58. Re1 Qg7 59. Rxf8 Qxf8
60. dxe7 Qe8 61. Bc5 Kc6 62. Ba3 b5 63. Re6+ Kc7 64. Bb4 Kb7 65. g4 hxg4 66. h5
Kc7 67. h6 Kd7 68. Re4 g3 69. Rd4+ Kc7 70. Rd5 Qf7 71. Be1 Qxe7 72. Bxg3+ Kc6
73. Re5 Qh7 74. Re6+ Kd5 75. Re5+ Kc4 76. Bf4 b4 77. Rg5 b3 78. Bc1 Qc2 79. h7
Qxc1+ 80. Kh2 Qc2+ 0-1

[Event "15th LCC Super Rapid 2025"]
[Site "London ENG"]
[Date "2025.12.07"]
[Round "6.30"]
[White "Makkar, Rajat"]
[Black "Abhyuday, Santhosh"]
[Result "1-0"]
[WhiteTitle "IM"]
[BlackTitle "CM"]
[WhiteElo "2395"]
[BlackElo "2094"]
[WhiteFideId "36016810"]
[BlackFideId "25624849"]
[EventDate "2025.12.06"]

1. Nf3 g6 2. e4 Bg7 3. d4 d6 4. Bd3 Nf6 5. O-O O-O 6. c3 Nc6 7. h3 e5 8. Nbd2
Nd7 9. Nb3 a5 10. a4 b6 11. Re1 exd4 12. Nbxd4 Nce5 13. Bb5 Nxf3+ 14. Qxf3 Bb7
15. Qg3 Nc5 16. Nc6 Qe8 17. Nxa5 Qxe4 18. Rxe4 Nxe4 19. Qh4 bxa5 20. Bh6 Bxh6
21. Qxh6 c6 22. Bd3 Nc5 23. Bc2 Rfe8 24. Qd2 Re6 25. b4 Nd7 26. Re1 Ne5 27. Bb3
d5 28. f4 Nd7 29. Rxe6 fxe6 30. c4 Kf7 31. cxd5 cxd5 32. bxa5 Rc8 33. Qd4 Nc5
34. Bd1 Ba6 35. f5 gxf5 36. Qh4 Ne4 37. Bh5+ Kf8 38. Qf4 Ke7 39. Qe3 Rc7 40. Qb6
Rc1+ 41. Kh2 Bc4 42. a6 f4 43. a7 Ng3 1-0

[Event "15th LCC Super Rapid 2025"]
[Site "London ENG"]
[Date "2025.12.07"]
[Round "6.31"]
[White "Zhao, George"]
[Black "Lohia, Sohum"]
[Result "0-1"]
[WhiteTitle "CM"]
[BlackTitle "IM"]
[WhiteElo "2113"]
[BlackElo "2391"]
[WhiteFideId "494607"]
[BlackFideId "5819369"]
[EventDate "2025.12.06"]

1. d4 Nf6 2. c4 e6 3. g3 d5 4. Nf3 Be7 5. Bg2 O-O 6. O-O dxc4 7. Qc2 b6 8. Nbd2
Bb7 9. Nxc4 Nbd7 10. Rd1 Rc8 11. Bf4 c5 12. Nd6 Bxd6 13. Bxd6 cxd4 14. Qd3 Re8
15. Qxd4 Rc2 16. Ne1 Bxg2 17. Nxc2 Ba8 18. Ne3 Qc8 19. Rac1 Qa6 20. Qc4 Qa5 21.
Bb4 Qh5 22. Rc2 h6 23. Qc7 Qb5 24. Qc4 Qh5 25. Qc7 Qb5 26. Qc4 Qh5 27. a4 Ne5
28. Qb5 Nf3+ 29. Kf1 Qh3+ 30. Ng2 Nxh2+ 31. Ke1 Qxg2 32. Rdc1 Qf1+ 33. Kd2 Qxf2
34. Bd6 Nf3+ 35. Kc3 Qd4+ 36. Kb3 Nd2+ 37. Rxd2 Qxd2 38. Bf4 Qd5+ 39. Qxd5 Bxd5+
40. Kb4 e5 41. Be3 Re7 42. Rc8+ Kh7 43. Kb5 Rd7 44. b4 Ne4 45. Rc1 Bb7 46. a5
Nd6+ 47. Ka4 b5+ 48. Kb3 Bd5+ 49. Kc3 Rc7+ 50. Bc5 Ne4+ 51. Kd3 Nxc5+ 52. bxc5
Bc4+ 53. Rxc4 bxc4+ 54. Kxc4 h5 55. Kd5 g5 56. Kd6 Rc8 57. c6 h4 58. gxh4 gxh4
59. Kd7 Ra8 60. c7 h3 61. c8=Q Rxc8 62. Kxc8 h2 63. Kb7 h1=Q+ 64. Kxa7 Qc6 65.
e4 Kg7 66. a6 Kf6 67. Kb8 Qxa6 68. Kc7 Qe6 69. Kd8 Qe7+ 70. Kc8 Ke6 71. Kb8 Kd6
72. Ka8 Kc6 73. Kb8 Qb7# 0-1

[Event "15th LCC Super Rapid 2025"]
[Site "London ENG"]
[Date "2025.12.07"]
[Round "6.32"]
[White "Vaidyanathan, Sathya"]
[Black "Camacho Collados, Jose"]
[Result "1/2-1/2"]
[BlackTitle "IM"]
[WhiteElo "1785"]
[BlackElo "2364"]
[WhiteFideId "490539"]
[BlackFideId "2265427"]
[EventDate "2025.12.06"]

1. e4 c6 2. d4 d5 3. exd5 cxd5 4. Bd3 g6 5. c3 Bf5 6. Nf3 Bxd3 7. Qxd3 Nc6 8.
Bf4 Bg7 9. O-O Nf6 10. Nbd2 O-O 11. h3 Qb6 12. Rab1 Rac8 13. Rfe1 e6 14. Ne5 Nh5
15. Bh2 Nxe5 16. Bxe5 f6 17. Bh2 Bh6 18. Nb3 Bf4 19. Nc5 Rfe8 20. Bxf4 Nxf4 21.
Qf3 Qc7 22. g3 b6 23. Na6 Nxh3+ 24. Kg2 Ng5 25. Qxf6 Qd8 26. Qxd8 Rcxd8 27. f3
Nf7 28. f4 Re7 29. Nb4 Rde8 30. Nc6 Rc7 31. Ne5 Nxe5 32. Rxe5 h5 33. Rbe1 Kf7
34. Kf3 b5 35. a3 a5 36. R5e3 b4 37. axb4 axb4 38. g4 bxc3 39. bxc3 Rec8 40.
Rxe6 Rxc3+ 41. R6e3 Kf6 42. gxh5 gxh5 43. Kg2 Rxe3 44. Rxe3 Rc4 45. Re5 Rxd4 46.
Rxh5 Ke6 47. Kf3 Rd1 48. Ke3 Re1+ 49. Kf3 d4 50. Rh6+ Kd5 51. f5 d3 52. Rh8 Kd4
53. Rd8+ Kc3 54. Rc8+ Kd2 55. Rd8 Re3+ 56. Kf4 Ke2 57. f6 d2 58. Rxd2+ Kxd2 59.
f7 Re1 60. Kg5 Rf1 61. Kg6 Kd3 62. Kg7 Rg1+ 63. Kh7 Rf1 1/2-1/2

[Event "15th LCC Super Rapid 2025"]
[Site "London ENG"]
[Date "2025.12.07"]
[Round "6.33"]
[White "Aghayev, Miragha"]
[Black "Nicholas, Koichi B"]
[Result "1-0"]
[WhiteTitle "IM"]
[WhiteElo "2430"]
[BlackElo "2100"]
[WhiteFideId "818070"]
[BlackFideId "409820"]
[EventDate "2025.12.06"]

1. e4 e5 2. Nf3 Nc6 3. Nc3 Nf6 4. a3 d5 5. Bb5 d4 6. Ne2 Nxe4 7. d3 Nf6 8. Nxe5
Qd5 9. Bxc6+ bxc6 10. Nf3 c5 11. Nf4 Qd6 12. Qe2+ Be7 13. Ne5 O-O 14. O-O Re8
15. Nc4 Qc6 16. Ne5 Qa6 17. Qf3 Bb7 18. Qh3 Rad8 19. Nc4 Bf8 20. Bd2 Bc8 21. Qh4
Qc6 22. Rfe1 Bd6 23. Nh5 Nxh5 24. Qxh5 Bb7 25. Qg4 Qd5 26. Na5 Bc8 27. Qh4 Bd7
28. Re4 Bf5 29. Ree1 Rb8 30. b3 Re5 31. Rxe5 Qxe5 32. Nc6 Qe2 33. Nxb8 Qxd2 34.
Qd8+ Bf8 35. Nc6 Qe2 36. Nxa7 Qxc2 37. Nc6 Qe2 38. Qxc7 Bxd3 39. Qe5 Qb2 40. Re1
Qxa3 41. Ne7+ Bxe7 42. Qxe7 h6 43. Qe8+ Kh7 44. Qxf7 Bg6 45. Qc4 d3 46. h4 Qa5
47. Rd1 Qb6 48. h5 Bf5 49. g4 1-0

[Event "15th LCC Super Rapid 2025"]
[Site "London ENG"]
[Date "2025.12.07"]
[Round "6.34"]
[White "Timmermans, Mark"]
[Black "Yoon, Jacob D"]
[Result "1-0"]
[WhiteTitle "IM"]
[BlackTitle "CM"]
[WhiteElo "2409"]
[BlackElo "2160"]
[WhiteFideId "1026399"]
[BlackFideId "446076"]
[EventDate "2025.12.06"]

1. b4 a5 2. b5 e5 3. Bb2 d6 4. e3 g6 5. c4 Bg7 6. Nf3 Ne7 7. Be2 O-O 8. d4 Nd7
9. O-O b6 10. a4 Bb7 11. Nc3 h6 12. Rc1 f5 13. Ba3 g5 14. dxe5 Nxe5 15. Nd4 Qc8
16. Nd5 Qd7 17. f4 N5g6 18. Bf3 Bxd5 19. Bxd5+ Nxd5 20. cxd5 Bxd4 21. Qxd4 Rae8
22. Rc4 Qf7 23. Rfc1 Re7 24. Bb2 Kh7 25. Qc3 Rc8 26. fxg5 hxg5 27. Qf6 Qxd5 28.
Qxg5 Qe6 29. Bd4 Rf8 30. Rxc7 Rff7 31. Rc8 Rf8 32. Rxf8 Nxf8 33. Bxb6 Nd7 34.
Bd4 Ne5 35. b6 Re8 36. Rc7+ Nf7 37. Qg7# 1-0

[Event "15th LCC Super Rapid 2025"]
[Site "London ENG"]
[Date "2025.12.07"]
[Round "6.35"]
[White "Hunt, Harriet V"]
[Black "Vashisht-Pigem, Raman"]
[Result "1-0"]
[WhiteTitle "IM"]
[WhiteElo "2288"]
[BlackElo "2010"]
[WhiteFideId "403512"]
[BlackFideId "469734"]
[EventDate "2025.12.06"]

1. e4 e5 2. Nf3 Nc6 3. Bb5 a6 4. Ba4 Nge7 5. c3 g6 6. d4 exd4 7. cxd4 b5 8. Bb3
Bg7 9. O-O O-O 10. Nc3 d6 11. h3 Na5 12. Bc2 c5 13. Rb1 Be6 14. d5 Bc8 15. Bg5
Nc4 16. Qd3 h6 17. Bh4 g5 18. Bg3 Ng6 19. Rfe1 Nge5 20. Nxe5 Bxe5 21. Bxe5 Nxe5
22. Qg3 Qf6 23. Ne2 Ng6 24. Rf1 Qg7 25. Qxd6 Bb7 26. Qg3 Rae8 27. Rfe1 Qf6 28.
a4 c4 29. axb5 axb5 30. b3 Ba8 31. bxc4 bxc4 32. Qc3 Qxc3 33. Nxc3 Nf4 34. Kh2
Rc8 35. Re3 Rfd8 36. g3 Ng6 37. Rb6 Kg7 38. Nb5 Rb8 39. Rxb8 Rxb8 40. Nd4 Ne7
41. Rc3 f5 42. d6 Nc8 43. Nxf5+ Kf6 44. Rxc4 Nb6 45. Rb4 h5 46. f4 Rc8 47. e5+
Ke6 48. Ne3 gxf4 49. Bf5+ Kf7 50. Bxc8 fxe3 51. Rxb6 1-0

[Event "15th LCC Super Rapid 2025"]
[Site "London ENG"]
[Date "2025.12.07"]
[Round "6.36"]
[White "White, Stuart A"]
[Black "Grutter, Tim"]
[Result "0-1"]
[BlackTitle "IM"]
[WhiteElo "2059"]
[BlackElo "2399"]
[WhiteFideId "407747"]
[BlackFideId "1057472"]
[EventDate "2025.12.06"]

1. d4 Nf6 2. c4 g6 3. Nc3 Bg7 4. e4 d6 5. h3 Nc6 6. d5 Ne5 7. f4 Ned7 8. g4 c6
9. Be3 O-O 10. Nge2 cxd5 11. cxd5 b6 12. Nd4 Bb7 13. Bg2 Rc8 14. Qd2 a6 15. O-O
b5 16. a4 b4 17. Nce2 Nc5 18. Ng3 e5 19. dxe6 fxe6 20. Qxb4 Rb8 21. Qc4 Qc8 22.
f5 d5 23. exd5 Bxd5 24. Bxd5 Nxd5 25. Bf2 Rb4 26. Qc2 Bxd4 27. fxg6 Rxf2 28.
gxh7+ Kh8 29. Rxf2 Rxb2 0-1

[Event "15th LCC Super Rapid 2025"]
[Site "London ENG"]
[Date "2025.12.07"]
[Round "6.37"]
[White "McPhillips, Joseph"]
[Black "Bryant, Harry"]
[Result "1-0"]
[WhiteTitle "IM"]
[BlackTitle "CM"]
[WhiteElo "2388"]
[BlackElo "2209"]
[WhiteFideId "422487"]
[BlackFideId "489158"]
[EventDate "2025.12.06"]

1. f4 d5 2. Nf3 g6 3. e3 Bg7 4. c4 c6 5. d4 Nf6 6. Nc3 O-O 7. Ne5 Nbd7 8. Qf3
dxc4 9. Bxc4 Nb6 10. Bb3 Nbd5 11. e4 Nc7 12. Be3 Be6 13. Bc2 Nd7 14. O-O-O f6
15. Ng4 b5 16. f5 Bf7 17. Nh6+ Bxh6 18. Bxh6 b4 19. Ne2 Re8 20. h4 a5 21. e5
fxe5 22. dxe5 a4 23. h5 b3 24. fxg6 Be6 25. gxh7+ Kh8 26. Qg3 Rg8 27. hxg8=Q+
Qxg8 28. Qxg8+ Bxg8 29. Rxd7 Nb5 30. Nd4 bxa2 31. Kd2 Nxd4 32. Rxd4 Bb3 33. Ra1
c5 34. Rd7 Rg8 35. Be4 Be6 36. Rxe7 1-0

[Event "15th LCC Super Rapid 2025"]
[Site "London ENG"]
[Date "2025.12.07"]
[Round "6.38"]
[White "Buckley, Graeme N"]
[Black "Silva, Lourenco Santa Clara"]
[Result "1-0"]
[WhiteTitle "IM"]
[WhiteElo "2256"]
[BlackElo "1992"]
[WhiteFideId "402265"]
[BlackFideId "1971344"]
[EventDate "2025.12.06"]

1. e4 c5 2. Nf3 d6 3. Bb5+ Nc6 4. O-O Bd7 5. Re1 a6 6. Bxc6 Bxc6 7. d4 cxd4 8.
Nxd4 Bd7 9. Nc3 e5 10. Nf5 Be6 11. Nd5 g6 12. Nfe3 Nf6 13. Nxf6+ Qxf6 14. Nd5
Qd8 15. Be3 Rc8 16. Bb6 Qg5 17. f4 Qh4 18. g3 Qh3 19. Nc7+ Ke7 20. Nd5+ Ke8 21.
fxe5 dxe5 22. Nf6+ Ke7 23. Rf1 h5 24. Qd2 Bh6 25. Qb4+ 1-0

[Event "15th LCC Super Rapid 2025"]
[Site "London ENG"]
[Date "2025.12.07"]
[Round "6.39"]
[White "Ciolek, Andreas"]
[Black "Heaton, Paul"]
[Result "0-1"]
[WhiteTitle "FM"]
[WhiteElo "2206"]
[BlackElo "1978"]
[WhiteFideId "12906727"]
[BlackFideId "411116"]
[EventDate "2025.12.06"]

1. e4 c5 2. Nf3 d6 3. d4 cxd4 4. Nxd4 Nf6 5. Nc3 a6 6. Bc4 e6 7. Be3 Be7 8. Bb3
Nbd7 9. Bxe6 Nc5 10. Bxc8 Rxc8 11. Qf3 O-O 12. O-O b5 13. a3 Nfd7 14. Nf5 Ne5
15. Qg3 Ng6 16. Rad1 Re8 17. Nxd6 Bxd6 18. Rxd6 Qe7 19. Bxc5 Rxc5 20. Rfd1 Rg5
21. Qe3 Ne5 22. R6d5 Rg6 23. Ne2 Ng4 24. Qf3 Qh4 25. Ng3 Qxh2+ 26. Kf1 Qh4 27.
Ke2 Ne5 28. Qh5 Qxh5+ 29. Nxh5 h6 30. Rd8 Rxd8 31. Rxd8+ Kh7 32. Nf4 Rc6 33. c3
Nc4 34. Nd3 Re6 35. f3 f5 36. Rd4 fxe4 37. Rxe4 Rg6 38. g4 h5 39. b3 Nxa3 40.
gxh5 Rg2+ 41. Ke3 Nb1 42. c4 Nc3 43. Rd4 g5 44. c5 Re2# 0-1

[Event "15th LCC Super Rapid 2025"]
[Site "London ENG"]
[Date "2025.12.07"]
[Round "6.40"]
[White "Shaw, Dashiell L"]
[Black "Stephan, Axel"]
[Result "1/2-1/2"]
[WhiteElo "1972"]
[BlackElo "2228"]
[WhiteFideId "412007"]
[BlackFideId "4632834"]
[EventDate "2025.12.06"]

1. Nf3 Nf6 2. g3 g6 3. Bg2 Bg7 4. d4 O-O 5. O-O d6 6. c4 Nbd7 7. Nc3 e5 8. e4
exd4 9. Nxd4 Re8 10. Re1 a6 11. b3 Rb8 12. Bb2 c5 13. Nde2 b5 14. cxb5 axb5 15.
Qxd6 b4 16. Na4 Nxe4 17. Bxe4 Bxb2 18. Nxb2 Rxe4 19. Rad1 Qe8 20. Kf1 Rb6 21.
Qd2 Rbe6 22. Nf4 Ba6+ 23. Nc4 Bxc4+ 24. bxc4 Rxe1+ 25. Rxe1 Rxe1+ 26. Qxe1 Qxe1+
27. Kxe1 Ne5 28. Ke2 Kf8 29. Nd3 Nxd3 30. Kxd3 Ke7 31. Ke4 Ke6 32. g4 f5+ 33.
gxf5+ gxf5+ 34. Kf4 Kf6 35. h3 h6 36. h4 Ke6 37. Ke3 Ke5 38. f4+ Kf6 39. h5 Ke6 1/2-1/2

[Event "15th LCC Super Rapid 2025"]
[Site "London ENG"]
[Date "2025.12.07"]
[Round "6.41"]
[White "Vaddadi, Seshagiri"]
[Black "Maier, Christian"]
[Result "0-1"]
[BlackTitle "IM"]
[WhiteElo "1990"]
[BlackElo "2192"]
[WhiteFideId "411183"]
[BlackFideId "4601955"]
[EventDate "2025.12.06"]

1. e4 e5 2. Nf3 Nc6 3. Bb5 a6 4. Ba4 Nf6 5. O-O Be7 6. Re1 b5 7. Bb3 O-O 8. d3
d6 9. c3 h6 10. Nbd2 Re8 11. Nf1 Bf8 12. Ng3 Be6 13. d4 Bxb3 14. axb3 Qc8 15. d5
Ne7 16. c4 c5 17. Nh4 g6 18. h3 Bg7 19. Be3 Qb7 20. Qd2 Kh7 21. f4 Nd7 22. f5
Nf6 23. Rf1 Rf8 24. Rf2 bxc4 25. bxc4 Qb3 26. Rc1 Rab8 27. Rc3 Qa2 28. Ra3 Qb1+
29. Rf1 Qxb2 30. Qxb2 Rxb2 31. Rxa6 Nc8 32. Ra8 Rc2 33. Rb1 Nd7 34. Rb7 Ndb6 35.
Rab8 Nxc4 36. fxg6+ fxg6 37. Nhf5 gxf5 38. Nxf5 Nxe3 39. Nxe3 Rc1+ 40. Kh2 Kh8
41. Nf5 Bf6 42. Nxd6 Bg5 43. Nf7+ Kg8 44. Nxg5 hxg5 45. Rc7 Nd6 46. Rb6 Nf7 47.
d6 Rd1 48. d7 Kg7 49. Rbb7 Rd8 0-1